000 00330nam a22001457a 4500
008 221006b ||||| |||| 00| 0 eng d
020 _a0721697704
041 _aeng
080 _2seventh edition
_a616.31
082 _a616.31
100 _a12
101 _aSTO
245 _aMODERN DENTAL ASSISTING
_cBRID D
942 _2udc
_cBK
999 _c58396
_d58396